000 00634nam a22002292a 4500
001 8295
003 UkOxU
005 20211208234547.0
008 180114s1966 enk 000 0 eng d
035 _aOCLC ocm05145460 from D951213M
040 _aDLC
_cXFM
_dUKM
_dEQO
_beng
041 _aeng
082 _a342.54
_bJOC 1966
100 1 _aJoshi, G. N.
_q(Gulabbhai Naranji)
_925866
245 1 4 _aThe Constitution of India /
_cG. N. Joshi
250 _a5th ed.
260 _aLondon :
_bMacmillan,
_c1966
300 _axxvi, 507 p. ;
_c19 cm
650 0 _aConstitutional law
_zIndia
_913751
942 _2ddc
_cBK
999 _c8295
_d8295